| 000 | 01177nam a2200289 a 4500 | ||
|---|---|---|---|
| 001 | 000023330 | ||
| 003 | DO-SdBNP | ||
| 005 | 20250626133719.0 | ||
| 008 | 101202s1972 mx 000 0 spa d | ||
| 040 |
_aDO-SdBNP _bspa _cBNPHU |
||
| 041 | 1 | 7 |
_aspa _heng _2Código de idiomas MARC |
| 049 | _aBNGR | ||
| 082 |
_a519.5 _bB144m |
||
| 100 | 1 |
_aBaggaley, Andrew R. _948055 |
|
| 240 | 1 | 0 |
_aMathematics for introductory statistics. _lEspañol |
| 245 | 1 | 0 |
_aMatemáticas básicas para estadística elemental : _btexto programado / _cAndrew R. Baggaley ; traducción Pedro Sánchez de la Rosa. |
| 260 |
_aMéxico : _bCentro Regional de Ayuda Técnica. Agencia para el Desarrollo Internacional ; _bLimusa-Wiley, _c1972. |
||
| 300 |
_a171 p. ; _c18 cm. |
||
| 490 | 1 | _aLimusa Wiley. Libros programados | |
| 534 |
_a[Título en inglés] : _tMathematics for introductory statistics |
||
| 650 | 0 |
_aEstadística matemática _920984 |
|
| 650 | 0 |
_aEstadística matemática _xProblemas, ejercicios, etc. _920984 |
|
| 650 | 4 |
_aEstadística educativa _936348 |
|
| 700 | 1 |
_aSánchez de la Rosa, Pedro, _etr. _948056 |
|
| 830 | 0 |
_aLimusa Wiley. _pLibros programados _948057 |
|
| 942 |
_2ddc _cLBS1 |
||
| 999 |
_c22827 _d22827 |
||